000
00321nam a22001457a 4500
008
230412b ||||| |||| 00| 0 eng d
020
_a
9781889315775
041
_a
eng
080
_a
34
082
_a
34DAV
100
_a
31
101
_a
JURE
245
_a
EVIDENCE COLLECTION PRESENTATION
_c
DAVIS R
942
_2
udc
_c
BK
999
_c
59512
_d
59512